An introduction to plant anatomy

Uloženo v:
Podrobná bibliografie
Hlavní autor: Eames, Arthur J
Další autoři: MacDaniels, Laurence H
Médium: Kniha
Jazyk:angličtina
Vydáno: New York, USA McGraw-Hill 1947
Vydání:Segunda edición
Edice:McGraw-Hill Publications in the Botanical Sciences
Témata:
Tagy: Přidat tag
Žádné tagy, Buďte první, kdo vytvoří štítek k tomuto záznamu!

MARC

LEADER 00000nam a2200000 a 4500
001 UCT3821
003 CL-VaPUC
005 20240123153801.0
008 961031e19470000US |||||||||||||||||eng|d
999 |c 253343  |d 253341 
040 |c Pontificia Universidad Católica de Valparaíso 
082 0 4 |a 581.4 EAM 1947  |2 21 
100 0 |a Eames, Arthur J  |9 372832 
245 1 3 |a An introduction to plant anatomy 
250 |a Segunda edición 
260 0 3 |a New York, USA  |b McGraw-Hill  |c 1947 
300 |a 427 páginas 
490 0 |a McGraw-Hill Publications in the Botanical Sciences 
583 |a last modification  |c 19961031 00:00:00  |k Rodrigo Vera 
650 0 |a Plantas  |9 264555 
650 0 |a Botánica  |9 264202 
650 0 |a Anatomía vegetal  |9 269541 
650 0 |a Biología celular  |9 341055 
650 0 |a Histología vegetal  |9 372834 
700 0 |a MacDaniels, Laurence H  |9 372833 
942 |c BK  |2 ddc 
945 |d 19961031 00:00:00  |a lriquelm